Paroles - Ode à l'état - Dooz Kawa - Statistiques

Statistiques générales
  • Ce quiz a été pris 3 fois
  • Le résultat moyen est 247 sur 478
Statistiques - réponses
Réponse % Correct
à
100%
a
100%
Ce
100%
de
100%
De
100%
Elle
100%
Je
100%
je
100%
le
100%
l'État
100%
L'État
100%
me
100%
Ode
100%
ode
100%
sa
100%
se
100%
son
100%
suis
100%
Vos
100%
Abel
67%
Babel
67%
Caïn
67%
Car
67%
car
67%
ces
67%
c'est
67%
classiques
67%
cœur
67%
cours
67%
cupides
67%
des
67%
dit
67%
du
67%
67%
ému
67%
est
67%
et
67%
Et
67%
filles
67%
frère
67%
il
67%
Il
67%
ils
67%
Ils
67%
jamais
67%
la
67%
67%
La
67%
67%
langages
67%
les
67%
Les
67%
Leur
67%
leur
67%
magistraux
67%
maire
67%
mais
67%
Mais
67%
mère
67%
mes
67%
mon
67%
nique
67%
n'ont
67%
nous
67%
on
67%
On
67%
ont
67%
67%
ou
67%
politiciens
67%
pouvoir
67%
que
67%
représentent
67%
s'appelle
67%
sénateur
67%
Si
67%
sont
67%
te
67%
t'es
67%
tour
67%
tristesse
67%
Tu
67%
tu
67%
vous
67%
air
33%
Alors
33%
âme
33%
âmes
33%
anti-capitaliste
33%
athéniens
33%
au
33%
auteurs
33%
aux
33%
avec
33%
avions
33%
bien
33%
bientôt
33%
Blas
33%
bouquet
33%
bout
33%
bref
33%
briller
33%
brûle-t-il
33%
Cache
33%
carrière
33%
cartoon
33%
cause
33%
censure
33%
cette
33%
ceux
33%
chaleur
33%
clown
33%
Cohn-Bendit
33%
Comme
33%
comme
33%
commence
33%
commencera
33%
comment
33%
concède
33%
condamnés
33%
contre
33%
coupons
33%
couteau
33%
créer
33%
critiques
33%
croire
33%
cruel
33%
d'alerte
33%
d'âme
33%
dame
33%
dangereux
33%
dans
33%
Dany
33%
d'aujourd'hui
33%
défie
33%
dégoût
33%
dégrader
33%
d'elle
33%
démagos
33%
demain
33%
demandez
33%
demi-dieux
33%
démocrasse
33%
depuis
33%
d'être
33%
détruisent
33%
devenu
33%
Dis-moi
33%
dos
33%
d'un
33%
dynasties
33%
écrasons
33%
égouts
33%
émeraude
33%
en
33%
ensuite
33%
Essaie
33%
faire
33%
fait
33%
feront
33%
ficelle
33%
filtres
33%
finit
33%
fraudeur
33%
gagnent
33%
garde
33%
gaz
33%
glace
33%
grâce
33%
grands
33%
gros
33%
guider
33%
Guillotinez
33%
haut
33%
honnête
33%
injustices
33%
intellectuelle
33%
islamiste
33%
jour
33%
juges
33%
juste
33%
justice
33%
King
33%
lacrymogènes
33%
lance
33%
lanceur
33%
l'arc-en-ciel
33%
l'avènement
33%
l'chemin
33%
l'ENA
33%
l'hémicycle
33%
l'histoire
33%
l'infâme
33%
Luther
33%
lyriques
33%
mafia
33%
magot
33%
mal
33%
Mandela
33%
manifs
33%
manipulation
33%
manteau
33%
marionnette
33%
marquent
33%
Martin
33%
masqués
33%
masses
33%
Même
33%
même
33%
mémoires
33%
mensonges
33%
ministre
33%
moche
33%
moi
33%
monde
33%
mythe
33%
mythos
33%
n'est
33%
Nimrod
33%
œuvrent
33%
officielle
33%
oublier
33%
paix
33%
papier
33%
par
33%
Parce
33%
Paris
33%
parlais
33%
partager
33%
pédophile
33%
personnelle
33%
peuple
33%
Peut-être
33%
place
33%
platane
33%
plus
33%
politiciennes
33%
politico-financiers
33%
politicos
33%
politique
33%
politiques
33%
possède
33%
possédé
33%
pour
33%
pourraient
33%
première
33%
présentent
33%
prête
33%
prétorienne
33%
prêtre
33%
procédé
33%
pseudos
33%
publique
33%
puisqu'ils
33%
putain
33%
qu'elle
33%
quelle
33%
qu'envoie
33%
qui
33%
qu'ils
33%
qu'on
33%
qu'un
33%
rancœurs
33%
rappelles
33%
reines
33%
rendait
33%
Restos
33%
richesse
33%
rien
33%
roi
33%
Rouge
33%
Ruy
33%
s'aider
33%
s'appauvrie
33%
savaient
33%
savoir
33%
scandales
33%
semblant
33%
siècle
33%
Socrate
33%
souris
33%
stupide
33%
suicide
33%
sur
33%
surpris
33%
taisent
33%
Tant
33%
temps
33%
tentacules
33%
terroriste
33%
testicules
33%
tête
33%
tirade
33%
tous
33%
tout
33%
toutes
33%
train
33%
tripotant
33%
trône
33%
trou
33%
trouves
33%
Ulysse
33%
Un
33%
un
33%
une
33%
Une
33%
utile
33%
Ventripotent
33%
venus
33%
vérité
33%
violence
33%
voleurs
33%
Zlatan
33%
évitent
0%
t'espères
0%
Aucun quiz correspondant
Distribution des résultats
% des personnes avec chaque résultat
Percentile par nombre de réponses
Votre historique - résultats
Vous n’avez pas pris ce quiz